QMJHL Teams By Logos - Statistics

General Stats
  • This quiz has been taken 240 times
  • The average score is 14 of 18
Answer Stats
Picture Answer % Correct
Cape Breton Eagles
90%
Halifax Mooseheads
88%
Quebec Remparts
88%
Victoriaville Tigres
84%
Blainville-Boisbriand Armada
82%
Saint John Sea Dogs
82%
Rimouski Océanic
81%
Moncton Wildcats
80%
Rouyn-Noranda Huskies
80%
Charlottetown Islanders
79%
Gatineau Olympiques
79%
Shawinigan Cataractes
72%
Drummondville Voltigeurs
71%
Sherbrooke Phoenix
71%
Acadie–Bathurst Titan
70%
Baie-Comeau Drakkar
70%
Val-d'Or Foreurs
65%
Chicoutimi Saguenéens
59%
No matching quizzes found
Score Distribution
Percent of People with Each Score
Percentile by Number Answered
Your Score History
You have not taken this quiz